Nákup a predaj v spoločnosti na trhu výrobnej sféry diplomová práca

Gespeichert in:
Bibliographische Detailangaben
1. Verfasser: Besedová, Lenka
Körperschaft: Obchodná fakulta EU. Katedra marketingu
Weitere Verfasser: Chomová, Katarína, 1983-
Format: Buch
Sprache:Slowakisch
Veröffentlicht: Bratislava 2014
Tags: Tag hinzufügen
Keine Tags, Fügen Sie das erste Tag hinzu!

MARC

LEADER 00000nbm a2200000 4500
001 0185992
005 20170201094254.5
041 0 |a slo 
044 |a SK 
245 1 0 |a Nákup a predaj v spoločnosti na trhu výrobnej sféry  |b diplomová práca  |c Lenka Besedová ; školiteľ: Katarína Chomová 
264 1 |a Bratislava  |c 2014 
300 |a 73 s. 
100 1 |a Besedová, Lenka 
700 1 |a Chomová, Katarína, 1983- 
710 2 |a Obchodná fakulta EU. Katedra marketingu